00959nam a2200241 i 4500001000700000003000900007005001700016007000300033008004100036100002600077245019800103250001200301260003200313300003900345650003200384700002600416700002900442700003600471700003700507852003200544999001900576952012200595141176ES-MaACL20230906200235.0t|070919s1970 sp ||||1| spa d1 aWinton, F. R.911712310aFisiología humana / cWinton & Bayliss ; revisado y dirigido por O. C. J. Lippold... y F. R. Winton... ; versión española por los doctores Fernando Perán Torres y Carlos Osorio Pelèz. a1ª ed. aBarcelona : bJIMS, c1970. aXXXVIII, 797 p. : bil. ; c25 cm. 4aFisiología humana.9128901 aBayliss, L. E.9266771 aLippold, O. C. J.9725061 aOsorio Peláez, Carlos.9877750 aPerán Torres, Fernando.990396 aES-MaACLjC-37361 bR.75162 c141176d141176 00104070aATENEOMbATENEOMcDEPO2d2008-01-17eSCl0oC-37361p1146898r2023-02-23 00:00:00w2023-02-23yMONOGRAFIA